[Event "4NCL 3 South pool A"]
[Site "Reading, ENG"]
[Date "2018.01.13"]
[Round "3.12"]
[White "Brozel, Sacha"]
[Black "Heaven, Pete"]
[Result "0-1"]
[WhiteElo "2162"]
[BlackElo "2010"]
[PlyCount "84"]
[EventDate "2018.01.13"]

1. c4 e5 2. g3 Nf6 3. Bg2 d5 4. cxd5 Nxd5 5. Nc3 Nb6 6. Nf3 Nc6 7. O-O Be7 8.
a3 a5 9. d3 O-O 10. Be3 Be6 11. Bxb6 cxb6 12. Qd2 a4 13. Rad1 Bb3 14. Rc1 Qd7
15. Qe3 Bc5 16. Qg5 f6 17. Qh4 Be7 18. Nd2 f5 19. Qh3 Be6 20. Nc4 Bc5 21. Qh5
Bf7 22. Qh4 Rfe8 23. Rcd1 Nd4 24. e3 Nc6 25. Qh3 Be6 26. Bxc6 bxc6 27. Nxe5 Qc7
28. d4 f4 29. Qh5 Bb3 30. Rc1 fxe3 31. dxc5 Rxe5 32. cxb6 Qe7 33. Qg4 h5 34.
Qg6 Re6 35. Qxh5 Rh6 36. Qe2 Qe6 37. Rfe1 Bc4 38. Qc2 Bb3 39. Qe2 Bc4 40. Qf3
Rf8 41. b7 Rxf3 42. b8=Q+ Rf8 0-1

[Event "4NCL 3 South pool A"]
[Site "Reading, ENG"]
[Date "2018.01.13"]
[Round "3.13"]
[White "Ralphs, Nigel"]
[Black "Villiers, Thomas"]
[Result "0-1"]
[WhiteElo "2018"]
[BlackElo "2222"]
[PlyCount "78"]
[EventDate "2018.01.13"]

1. e4 c5 2. Nf3 Nf6 3. e5 Nd5 4. c3 Nc6 5. d4 cxd4 6. cxd4 d6 7. Bc4 Nb6 8. Bb5
d5 9. h3 Bf5 10. O-O e6 11. Bg5 Qc7 12. Nc3 h6 13. Be3 a6 14. Be2 Be7 15. Rc1
O-O 16. Nd2 Rfd8 17. g4 Bh7 18. f4 Nc4 19. Nxc4 dxc4 20. d5 exd5 21. Nxd5 Qd7
22. Nb6 Qe8 23. Qe1 Rab8 24. Bxc4 Bd3 25. Bxd3 Rxd3 26. Qe2 Rbd8 27. Rfd1 Nd4
28. Qxd3 Nf3+ 29. Kf2 Rxd3 30. Rxd3 Nxe5 31. fxe5 Bh4+ 32. Kf3 Qxe5 33. Bf4
Qxb2 34. Nd7 Qf2+ 35. Ke4 Be7 36. Rc8+ Kh7 37. Nf8+ Bxf8 38. Rxf8 Qe1+ 39. Kd4
Qb4+ 0-1

[Event "4NCL 3 South pool A"]
[Site "Reading, ENG"]
[Date "2018.01.13"]
[Round "3.14"]
[White "Orgler, Philipp"]
[Black "Trevelyan, John"]
[Result "0-1"]
[WhiteElo "2162"]
[BlackElo "2014"]
[PlyCount "80"]
[EventDate "2018.01.13"]

1. d4 Nc6 2. f4 d5 3. Nf3 Bf5 4. e3 e6 5. Bd3 Bxd3 6. cxd3 f6 7. O-O Bd6 8. Nc3
Nge7 9. a3 O-O 10. Qb3 Qd7 11. Kh1 Kh8 12. e4 dxe4 13. dxe4 e5 14. Ne2 exf4 15.
Bxf4 b6 16. Rad1 Bxf4 17. Nxf4 Rae8 18. Ne6 Rg8 19. d5 Na5 20. Qc3 c6 21. Nh4
cxd5 22. exd5 Rc8 23. Qh3 Rge8 24. d6 Nec6 25. Nxg7 Qxh3 26. gxh3 Re4 27. Nhf5
Ne5 28. Ne7 Rc2 29. Nh5 Ree2 30. Rxf6 Rxh2+ 31. Kg1 Nd7 32. Rf3 Rcg2+ 33. Kf1
Nc4 34. Rg3 Rxg3 35. Nxg3 Ne3+ 36. Ke1 Nxd1 37. Kxd1 Kg7 38. h4 Rxb2 39. h5 Ra2
40. Nef5+ Kf6 0-1

[Event "4NCL 3 South pool A"]
[Site "Reading, ENG"]
[Date "2018.01.13"]
[Round "3.15"]
[White "Bevan, Peter M"]
[Black "Ethelontis, Alexandros N"]
[Result "0-1"]
[WhiteElo "1951"]
[BlackElo "2132"]
[PlyCount "140"]
[EventDate "2018.01.13"]

1. c4 Nf6 2. g3 e5 3. Bg2 h6 4. Nc3 Bb4 5. Qc2 a5 6. Nf3 Nc6 7. Nd5 O-O 8. O-O
d6 9. d3 Bg4 10. e3 Bc5 11. a3 Bf5 12. Nd2 Bh7 13. Ne4 Nxe4 14. dxe4 Ne7 15.
Nxe7+ Qxe7 16. Bd2 a4 17. Bb4 b6 18. b3 axb3 19. Qxb3 Rfb8 20. Qc2 Qe8 21. Qc3
Qc6 22. f3 Ra4 23. Rfc1 Rba8 24. Bf1 Kf8 25. Be2 Ke7 26. Bd1 R4a7 27. Bb3 g5
28. g4 f6 29. Kf2 Bg6 30. a4 h5 31. h3 Rh8 32. Rh1 Bxb4 33. Qxb4 Ra5 34. Rad1
Bf7 35. Rc1 Qc5 36. Qc3 Raa8 37. Kg2 Be8 38. Ra1 Bc6 39. Kg3 Qa5 40. Qxa5 Rxa5
41. Ra2 hxg4 42. Kxg4 Raa8 43. Kg3 Bd7 44. Rhh2 Rh4 45. Rh1 Be6 46. Rf2 Rah8
47. Rfh2 Kd7 48. Ba2 Kc6 49. Bb3 Kc5 50. Ba2 c6 51. Bb3 Kb4 52. Ba2 Ka5 53. c5
Bxa2 54. Rxa2 dxc5 55. Rd2 c4 56. Rd6 b5 57. Rxc6 Kxa4 58. Ra1+ Kb4 59. Rb1+
Kc3 60. Rxb5 Rxh3+ 61. Kg4 R8h4+ 62. Kf5 Rxf3+ 63. Ke6 Rxe4 64. Ra5 Kd2 65.
Ra2+ Kxe3 66. Ra3+ Kf2 67. Rxf3+ Kxf3 68. Kxf6 g4 69. Kf5 g3 70. Rg6 Re3 0-1

[Event "4NCL 3 South pool A"]
[Site "Reading, ENG"]
[Date "2018.01.13"]
[Round "3.16"]
[White "Pollack, Oscar"]
[Black "Jones, Derek"]
[Result "1-0"]
[WhiteElo "2057"]
[BlackElo "1914"]
[PlyCount "71"]
[EventDate "2018.01.13"]

1. e4 e6 2. d4 d5 3. Nc3 Bb4 4. e5 c5 5. a3 Bxc3+ 6. bxc3 Qa5 7. Bd2 Qa4 8. Qg4
Ne7 9. Qxg7 Rg8 10. Qxh7 cxd4 11. Nf3 dxc3 12. Bxc3 Nbc6 13. h4 Bd7 14. Ng5
O-O-O 15. Nxf7 Rdf8 16. Nd6+ Kb8 17. g3 Rh8 18. Qd3 d4 19. Qe4 Nd5 20. Bd2 Nce7
21. Bc4 Bc6 22. Qxd4 Nf5 23. Nxf5 Rxf5 24. c3 Nxc3 25. Bxc3 Bxh1 26. Bxe6 Qxd4
27. Bxd4 Rff8 28. Bd7 Rd8 29. e6 Rh7 30. Be5+ Ka8 31. O-O-O Bc6 32. Bxc6 Rxd1+
33. Kxd1 bxc6 34. f4 Kb7 35. f5 Kc8 36. f6 1-0

[Event "4NCL 3 South pool A"]
[Site "Reading, ENG"]
[Date "2018.01.13"]
[Round "3.21"]
[White "Hall, John"]
[Black "Waterfield, John W"]
[Result "1-0"]
[WhiteElo "2252"]
[BlackElo "1925"]
[PlyCount "37"]
[EventDate "2018.01.13"]

1. e4 c5 2. Nf3 d6 3. d4 cxd4 4. Nxd4 Nf6 5. Nc3 a6 6. Bg5 e6 7. f4 Nc6 8. e5
h6 9. Bh4 Nxd4 10. Qxd4 dxe5 11. Qxd8+ Kxd8 12. O-O-O+ Ke8 13. fxe5 g5 14. exf6
gxh4 15. Nb5 Bd7 16. Nc7+ Kd8 17. Nxa8 Bc5 18. Rd3 Kc8 19. Rc3 1-0

[Event "4NCL 3 South pool A"]
[Site "Reading, ENG"]
[Date "2018.01.13"]
[Round "3.22"]
[White "Fletcher, John"]
[Black "Pickard, Charles"]
[Result "0-1"]
[WhiteElo "1946"]
[BlackElo "2185"]
[PlyCount "58"]
[EventDate "2018.01.13"]

1. d4 d5 2. c4 e6 3. Nf3 Nf6 4. Nc3 Be7 5. Bg5 Nbd7 6. e3 O-O 7. cxd5 exd5 8.
Bd3 c6 9. O-O Re8 10. Bc2 Ne4 11. Bxe7 Qxe7 12. Nxe4 dxe4 13. Nd2 Nf6 14. h3
Bf5 15. Nc4 Rad8 16. Qe2 Nd5 17. a3 Qg5 18. Ne5 f6 19. f3 fxe5 20. fxe4 Qxe3+
21. Rf2 Qxe2 22. Rxe2 exd4 23. Rae1 Bg6 24. Bb3 d3 25. exd5 Rxe2 26. dxc6+ Bf7
27. Bxf7+ Kxf7 28. Rf1+ Ke7 29. c7 Rc8 0-1

[Event "4NCL 3 South pool A"]
[Site "Reading, ENG"]
[Date "2018.01.13"]
[Round "3.23"]
[White "McGann, Gary"]
[Black "Davies, Peter"]
[Result "1-0"]
[WhiteElo "2140"]
[BlackElo "1984"]
[PlyCount "105"]
[EventDate "2018.01.13"]

1. d4 Nf6 2. Bg5 e6 3. Nd2 c5 4. e3 d5 5. c3 Be7 6. Bd3 Nbd7 7. f4 O-O 8. Qf3
b6 9. Nh3 Bb7 10. Nf2 Rc8 11. Qh3 g6 12. Bh6 Re8 13. Qf3 cxd4 14. exd4 Bf8 15.
Bxf8 Nxf8 16. O-O Qc7 17. Rae1 a6 18. Qe3 b5 19. Nf3 Nh5 20. g3 Ng7 21. Ng4 Nh5
22. Re2 f5 23. Nge5 Nf6 24. Rfe1 Ne4 25. g4 Nd7 26. Nxd7 Qxd7 27. Ne5 Qc7 28.
g5 Qe7 29. a3 Rc7 30. h4 Qd8 31. Rh2 Rg7 32. h5 gxh5 33. Rxh5 Nf6 34. Rh6 Ne4
35. Re2 Ree7 36. Reh2 Qc7 37. Kf1 Kf8 38. g6 hxg6 39. Nxg6+ Ke8 40. Rh8+ Kd7
41. Nxe7 Kxe7 42. R2h7 Kd6 43. Rxg7 Qxg7 44. Qh3 Ng3+ 45. Kf2 Ne4+ 46. Bxe4
dxe4 47. Rh7 e3+ 48. Ke2 Qg1 49. Qxe3 Qg2+ 50. Ke1 Be4 51. d5 Bxd5 52. Qb6+ Bc6
53. Qd8+ 1-0

[Event "4NCL 3 South pool A"]
[Site "Reading, ENG"]
[Date "2018.01.13"]
[Round "3.24"]
[White "Perrett, David C"]
[Black "Mossong, Hubert"]
[Result "1/2-1/2"]
[WhiteElo "1927"]
[BlackElo "2132"]
[PlyCount "109"]
[EventDate "2018.01.13"]

1. d4 d6 2. Nf3 Bg4 3. c4 c6 4. Nc3 Nd7 5. g3 e5 6. Bg2 Ngf6 7. h3 Bh5 8. Nh4
Bg6 9. Nxg6 hxg6 10. Rb1 Nb6 11. Qd3 Qc7 12. Be3 Rd8 13. d5 Be7 14. a4 a5 15.
b4 axb4 16. Rxb4 c5 17. Rb5 Ra8 18. a5 Nbd7 19. O-O Rxa5 20. Rfb1 Rxb5 21. Nxb5
Qb8 22. Ra1 O-O 23. g4 Nh7 24. Be4 Bg5 25. Kh2 Bf4+ 26. Bxf4 exf4 27. Qf3 g5
28. Bxh7+ Kxh7 29. Qe4+ Kg8 30. Qe7 Nf6 31. Nxd6 f3 32. Kg1 b5 33. exf3 bxc4
34. Nxc4 Nxd5 35. Qxc5 Nf4 36. Qe5 Qb7 37. Qe4 Nxh3+ 38. Kg2 Nf4+ 39. Kg1 Qd7
40. Re1 Rd8 41. Ne3 Re8 42. Rd1 Qc8 43. Qf5 Qa8 44. Rd7 Qa1+ 45. Kh2 f6 46. Qb5
Rxe3 47. Rd8+ Kf7 48. Qc5 Re7 49. Qc8 Ne6 50. Rh8 f5 51. gxf5 Qe5+ 52. Kg1 Qxf5
53. Rf8+ Nxf8 54. Qxf5+ Kg8 55. Qxg5 1/2-1/2

[Event "4NCL 3 South pool A"]
[Site "Reading, ENG"]
[Date "2018.01.13"]
[Round "3.25"]
[White "Taylor, Mark V"]
[Black "Hughes, Anthony"]
[Result "0-1"]
[WhiteElo "1952"]
[BlackElo "1859"]
[PlyCount "74"]
[EventDate "2018.01.13"]

1. d4 d5 2. Nf3 Nf6 3. e3 Bf5 4. Bd3 Bxd3 5. cxd3 e6 6. O-O c5 7. dxc5 Bxc5 8.
d4 Bd6 9. Nc3 Nc6 10. Bd2 Rc8 11. Qb3 Qe7 12. Nb5 Bb8 13. Rfc1 O-O 14. Be1 Ne4
15. Qd1 f5 16. Nd2 Qh4 17. f4 Qh6 18. Nxe4 fxe4 19. Qg4 Rf5 20. Bh4 Kh8 21. Bg5
Qg6 22. h3 Rcf8 23. a3 e5 24. dxe5 Nxe5 25. Qe2 Rxg5 26. fxg5 Qxg5 27. Nd4 Qg3
28. Rf1 Re8 29. Qf2 Qxf2+ 30. Rxf2 Nc4 31. Raf1 Bd6 32. Re2 h6 33. Rf5 Re5 34.
Kf2 g6 35. Rxe5 Bxe5 36. a4 Kg7 37. b3 Nd6 0-1

[Event "4NCL 3 South pool A"]
[Site "Reading, ENG"]
[Date "2018.01.13"]
[Round "3.26"]
[White "Thomas, Gary"]
[Black "Harvey, John"]
[Result "0-1"]
[WhiteElo "1850"]
[BlackElo "1765"]
[PlyCount "60"]
[EventDate "2018.01.13"]

1. d4 e6 2. e3 Nf6 3. Nf3 c5 4. Bd3 d5 5. b3 b6 6. Bb2 Ba6 7. O-O Bxd3 8. Qxd3
Nbd7 9. Nbd2 g6 10. e4 Bg7 11. exd5 Nxd5 12. c4 Nb4 13. Qb1 O-O 14. dxc5 Nxc5
15. Bxg7 Kxg7 16. Ne4 Nxe4 17. Qxe4 Qc7 18. a3 Nc6 19. Rac1 Ne7 20. Nd4 Kg8 21.
Rfe1 Nf5 22. Nb5 Qe7 23. b4 Rac8 24. Rcd1 Rfd8 25. g3 a6 26. Nc3 Nd6 27. Nd5
Qg5 28. h4 Nxe4 29. hxg5 exd5 30. cxd5 Nc3 0-1

[Event "4NCL 3 South pool A"]
[Site "Reading, ENG"]
[Date "2018.01.13"]
[Round "3.31"]
[White "Britton, Richard L"]
[Black "Chan, Nevil"]
[Result "1-0"]
[WhiteElo "2256"]
[BlackElo "2018"]
[PlyCount "37"]
[EventDate "2018.01.13"]

1. e4 b6 2. Nf3 Bb7 3. d3 e6 4. Nbd2 Nf6 5. g3 d5 6. Qe2 dxe4 7. dxe4 Ba6 8. c4
Bb7 9. e5 Nfd7 10. Bg2 Nc5 11. O-O a5 12. Rd1 Qc8 13. Nf1 Be7 14. h4 h6 15.
N1h2 Be4 16. Rd4 Qb7 17. Rxe4 Qxe4 18. Qxe4 Nxe4 19. Nd4 1-0

[Event "4NCL 3 South pool A"]
[Site "Reading, ENG"]
[Date "2018.01.13"]
[Round "3.32"]
[White "Fulton, Anthony R"]
[Black "Mackle, Dominic"]
[Result "0-1"]
[WhiteElo "2010"]
[BlackElo "2179"]
[PlyCount "124"]
[EventDate "2018.01.13"]

1. d4 Nf6 2. c4 g6 3. Nc3 Bg7 4. e4 d6 5. f4 O-O 6. Be2 c5 7. d5 e6 8. Nf3 exd5
9. cxd5 Bg4 10. O-O Nbd7 11. Nd2 Bxe2 12. Qxe2 Ne8 13. Nc4 Bxc3 14. bxc3 b5 15.
Nd2 c4 16. Nf3 Nc5 17. Ba3 Qb6 18. Kh1 Nf6 19. Bxc5 Qxc5 20. Nd2 Rae8 21. Qf3
Kg7 22. Rae1 Kg8 23. g4 Nd7 24. Re2 a5 25. Rg2 b4 26. g5 a4 27. cxb4 Qxb4 28.
Rb1 Qc5 29. Qc3 Rb8 30. Rc1 Rfc8 31. h4 a3 32. h5 gxh5 33. Qh3 Qb5 34. Qxa3 Ra8
35. Qxd6 Rxa2 36. Rb1 Qa4 37. Rb7 Qd1+ 38. Kh2 Rxd2 39. Qxd7 Rxg2+ 40. Kxg2
Qe2+ 41. Kg3 Qe3+ 42. Kg2 Qxe4+ 43. Kg1 Qe3+ 44. Kg2 Qe4+ 45. Kg1 Rf8 46. Qd6
c3 47. Rb8 Rxb8 48. Qxb8+ Kg7 49. Qd6 Qd4+ 50. Kg2 c2 51. Qc7 Qxd5+ 52. Kg3 Qe4
53. Qc3+ Kf8 54. Qc8+ Ke7 55. Qc7+ Ke6 56. Qc8+ Kd5 57. Qd7+ Kc5 58. Qc7+ Kd4
59. Qa7+ Kd3 60. Qa6+ Ke3 61. Qa7+ Qd4 62. Qe7+ Kd2 0-1

[Event "4NCL 3 South pool A"]
[Site "Reading, ENG"]
[Date "2018.01.13"]
[Round "3.33"]
[White "Chin, Francis"]
[Black "Gooding, Ian"]
[Result "1/2-1/2"]
[WhiteElo "2127"]
[BlackElo "2000"]
[PlyCount "153"]
[EventDate "2018.01.13"]

1. d4 d5 2. Nf3 Nf6 3. e3 Bg4 4. c3 Nbd7 5. Qb3 Bxf3 6. gxf3 Rb8 7. Nd2 e6 8.
Bg2 Be7 9. e4 O-O 10. O-O c6 11. Kh1 Nh5 12. Rg1 Nf4 13. Bf1 f5 14. exd5 exd5
15. Qc2 Bd6 16. Bd3 Qh4 17. Nf1 Nxd3 18. Qxd3 Qxf2 19. Bg5 Qxb2 20. Re1 Rf7 21.
Rg2 Qb5 22. Qe3 Nf8 23. Bf4 Bxf4 24. Qxf4 Rd8 25. Rge2 c5 26. Ng3 Ng6 27. Qg5
Rdf8 28. Nf1 cxd4 29. cxd4 Qd3 30. Qe3 Qxe3 31. Rxe3 Rc7 32. Ra3 a6 33. Ne3 Re8
34. Rb1 Ne7 35. Ra5 Nc6 36. Nxd5 Nxa5 37. Nxc7 Rd8 38. d5 Rd7 39. Rc1 Nc6 40.
Nxa6 Rxd5 41. Nc5 b5 42. Nb3 Ne5 43. Kg2 Kf7 44. Rc5 Rxc5 45. Nxc5 Ke7 46. Nb3
g6 47. Nd4 b4 48. f4 Nd3 49. Kf3 Kd6 50. Ke3 Nc1 51. a3 b3 52. Kd2 b2 53. Kc2
Nd3 54. Nf3 Nxf4 55. Kxb2 h6 56. Kc3 Kc5 57. Nh4 Nd5+ 58. Kd3 Ne7 59. Nf3 g5
60. Nd4 Kd5 61. a4 f4 62. Ne2 Ng6 63. Nc3+ Kc5 64. Ke4 Kb4 65. Nd1 Kxa4 66. Kf5
Nh4+ 67. Kg4 Kb3 68. Kh5 Nf5 69. Kg6 Ne3 70. Nf2 g4 71. Kxh6 g3 72. hxg3 fxg3
73. Nh3 Kc3 74. Kg5 Kd2 75. Kf4 Nf1 76. Kf3 Ke1 77. Nf4 1/2-1/2

[Event "4NCL 3 South pool A"]
[Site "Reading, ENG"]
[Date "2018.01.13"]
[Round "3.34"]
[White "Webster, Peter AN"]
[Black "Conway, Paul Bernard"]
[Result "0-1"]
[WhiteElo "1825"]
[BlackElo "1869"]
[PlyCount "108"]
[EventDate "2018.01.13"]

1. e4 e6 2. d4 d5 3. Nd2 Nf6 4. e5 Nfd7 5. f4 c5 6. c3 Nc6 7. Ndf3 Qb6 8. g3 f6
9. Bh3 f5 10. Ne2 Be7 11. Kf1 Nf8 12. Kg2 Bd7 13. g4 g6 14. Rg1 h6 15. gxf5
gxf5 16. Kh1 Kf7 17. b3 cxd4 18. cxd4 Rc8 19. Ng3 Rg8 20. Be3 Ng6 21. Ne1 Kg7
22. Qh5 Kh7 23. Nf3 Nb4 24. Ng5+ Kg7 25. Nxf5+ exf5 26. e6 hxg5 27. exd7 Rcf8
28. fxg5 Rh8 29. Qf3 Qd6 30. Raf1 Nh4 31. Qg3 Qxd7 32. Qe5+ Kg6 33. Bf4 Nd3 34.
Qe3 Nxf4 35. Rxf4 Bd6 36. Rf2 Qe8 37. Qxe8+ Rxe8 38. Rgf1 Rhf8 39. Rg1 Re4 40.
Rd1 Rfe8 41. Rdf1 f4 42. Bg2 Rxd4 43. Rg1 Rd3 44. Bf1 Rde3 45. Rd2 R3e5 46.
Bd3+ Kg7 47. Rdd1 Bc5 48. Rgf1 f3 49. Rc1 Be3 50. Rc7+ R8e7 51. Rxe7+ Rxe7 52.
g6 f2 53. Rd1 Re5 54. h3 Rg5 0-1

[Event "4NCL 3 South pool A"]
[Site "Reading, ENG"]
[Date "2018.01.13"]
[Round "3.35"]
[White "Clancy, Martin J"]
[Black "Phillips, William"]
[Result "0-1"]
[WhiteElo "1853"]
[BlackElo "1847"]
[PlyCount "77"]
[EventDate "2018.01.13"]

1. e4 e5 2. Nf3 Nc6 3. Bb5 a6 4. Ba4 Nf6 5. O-O Be7 6. Re1 b5 7. Bb3 O-O 8. h3
d6 9. c3 Na5 10. Bc2 c5 11. d4 Qc7 12. Nbd2 Re8 13. Nf1 Nc4 14. b3 Nb6 15. Bg5
Bb7 16. d5 Nfd7 17. Be3 f5 18. Bg5 Nf6 19. Bxf6 Bxf6 20. Ng3 f4 21. Ne2 Qf7 22.
Rb1 Bc8 23. Bd3 Bd7 24. a3 Qh5 25. Kh2 g5 26. Nfg1 Qg6 27. Nc1 h5 28. Be2 g4
29. Rf1 Re7 30. Nd3 Rg7 31. Ne1 Bh4 32. Kh1 Rf8 33. Rb2 Kh8 34. c4 Rfg8 35. Qd2
gxh3 36. Nxh3 Bxh3 37. gxh3 Bxf2 38. Bd3 Bxe1 39. Rxe1 0-1

[Event "4NCL 3 South pool A"]
[Site "Reading, ENG"]
[Date "2018.01.13"]
[Round "3.36"]
[White "Dhemrait, Jagdeep"]
[Black "Rosario, Paulo Rui Beijinho d"]
[Result "1-0"]
[WhiteElo "1774"]
[BlackElo "1822"]
[PlyCount "81"]
[EventDate "2018.01.13"]

1. e4 c5 2. Nc3 g6 3. f4 Bg7 4. Nf3 e6 5. Bc4 Nc6 6. d3 Nge7 7. O-O d5 8. Bb3
dxe4 9. dxe4 Bxc3 10. Qxd8+ Nxd8 11. bxc3 b5 12. c4 Bb7 13. Bb2 O-O 14. Bf6 Re8
15. cxb5 Bxe4 16. Ng5 Bf5 17. c4 Nb7 18. Rfd1 Nc8 19. Rd7 Ncd6 20. Nxf7 Nxf7
21. Rxb7 e5 22. fxe5 Nxe5 23. Rg7+ Kf8 24. Rxh7 Ng4 25. Bc3 Rad8 26. Rxa7 Re2
27. Bd1 Re3 28. Bxg4 Bxg4 29. Rf1+ Bf5 30. Bf6 Rd6 31. Bg5 Re4 32. Rc7 Kg8 33.
Rxc5 Rg4 34. Bh6 Be4 35. g3 g5 36. Rxg5+ Rxg5 37. Bxg5 Rd4 38. c5 Rc4 39. Rc1
Rb4 40. c6 Rb2 41. c7 1-0

[Event "4NCL 3 South pool A"]
[Site "Reading, ENG"]
[Date "2018.01.13"]
[Round "3.41"]
[White "Gill, Oliver"]
[Black "Tozer, Philip A A"]
[Result "0-1"]
[WhiteElo "2142"]
[BlackElo "2158"]
[PlyCount "66"]
[EventDate "2018.01.13"]

1. e4 e6 2. d4 d5 3. Bd3 dxe4 4. Bxe4 Nf6 5. Bf3 c5 6. Ne2 Nc6 7. Be3 cxd4 8.
Nxd4 Ne5 9. Nc3 Bb4 10. Ndb5 Bd7 11. Nd6+ Bxd6 12. Qxd6 Nxf3+ 13. gxf3 Bc6 14.
Qe5 Qb8 15. Qg5 O-O 16. O-O-O Ne8 17. Bc5 Bxf3 18. Bxf8 Kxf8 19. Nb5 Bxh1 20.
Rxh1 a6 21. Nd4 Qd6 22. Qh4 Rd8 23. Rd1 Kg8 24. Qg4 Nf6 25. Qf3 h6 26. Rd3 Qxh2
27. Qxb7 Qf4+ 28. Kb1 Rxd4 29. Qxa6 Qxf2 30. a4 Nd5 31. Qa7 Qg1+ 32. Ka2 Nb4+
33. Kb3 Rxd3+ 0-1

[Event "4NCL 3 South pool A"]
[Site "Reading, ENG"]
[Date "2018.01.13"]
[Round "3.42"]
[White "Peck, Silas"]
[Black "Pleasants, Allan J"]
[Result "1-0"]
[WhiteElo "2125"]
[BlackElo "2139"]
[PlyCount "95"]
[EventDate "2018.01.13"]

1. e4 d6 2. d4 g6 3. Nc3 Bg7 4. f4 Nf6 5. Nf3 O-O 6. Bd3 a6 7. a4 Nc6 8. O-O
Nb4 9. Kh1 c5 10. d5 e6 11. dxe6 fxe6 12. e5 Nfd5 13. Ne4 Nxf4 14. Bxf4 Rxf4
15. c3 Nxd3 16. Qxd3 d5 17. Nxc5 Qe7 18. Qe3 Rf8 19. a5 Bd7 20. b4 Bb5 21. Rfe1
Rf5 22. g4 Rxf3 23. Qxf3 Rf8 24. Qg2 Rf4 25. Kg1 Qf7 26. Ra2 Bf8 27. Rf2 Bxc5
28. bxc5 g5 29. h3 Qc7 30. Rxf4 gxf4 31. Qf2 Qf7 32. Qf3 d4 33. cxd4 Bc6 34.
Qf2 f3 35. Qe3 Qd7 36. Rf1 Qd5 37. Rf2 Qc4 38. Kh2 Bd5 39. Kg3 Qa4 40. Qd2 Qa1
41. Rxf3 Bxf3 42. Kxf3 Qh1+ 43. Kg3 Qd5 44. Qf4 Qa2 45. Qg5+ Kf7 46. Qd8 Qa3+
47. Kh4 Qe3 48. Qd7+ 1-0

[Event "4NCL 3 South pool A"]
[Site "Reading, ENG"]
[Date "2018.01.13"]
[Round "3.43"]
[White "Wilson, Jaimie"]
[Black "Wallis, Ian J"]
[Result "0-1"]
[WhiteElo "2132"]
[BlackElo "2087"]
[PlyCount "82"]
[EventDate "2018.01.13"]

1. c4 e5 2. g3 Nf6 3. Bg2 h6 4. e3 c6 5. Nc3 Bb4 6. Nge2 O-O 7. O-O Re8 8. a3
Bf8 9. b4 d5 10. cxd5 cxd5 11. d4 e4 12. Qb3 Nc6 13. Bd2 Be6 14. Rfc1 Qd7 15.
Nf4 Ne7 16. b5 Nf5 17. Na4 b6 18. Rc6 Nd6 19. Nxe6 fxe6 20. Bf1 Qf7 21. Bb4 Nf5
22. Qd1 Qg6 23. Nc3 Nh4 24. Bg2 Nxg2 25. Kxg2 Qf5 26. Kg1 Nh7 27. h4 Nf6 28.
Kg2 Ng4 29. Qe2 Bxb4 30. axb4 Re7 31. f3 exf3+ 32. Qxf3 Rf8 33. Qxf5 Nxe3+ 34.
Kh3 Rxf5 35. Ne2 g5 36. g4 Rf2 37. Ng1 Nf1 38. Nf3 Rxf3+ 39. Kg2 Ref7 40. Rxe6
Rg3+ 41. Kh1 Rf2 0-1

[Event "4NCL 3 South pool A"]
[Site "Reading, ENG"]
[Date "2018.01.13"]
[Round "3.44"]
[White "Myall, Ivan J"]
[Black "McDougall, William M"]
[Result "1/2-1/2"]
[WhiteElo "2057"]
[BlackElo "2050"]
[PlyCount "70"]
[EventDate "2018.01.13"]

1. e4 c5 2. c3 d5 3. exd5 Nf6 4. Bb5+ Nbd7 5. c4 a6 6. Bxd7+ Bxd7 7. Nc3 e6 8.
Qb3 Bd6 9. Nf3 O-O 10. O-O Qc7 11. h3 exd5 12. Nxd5 Nxd5 13. cxd5 c4 14. Qc3
Rfe8 15. b3 Re4 16. Bb2 f6 17. Rfe1 Rae8 18. Rxe4 Rxe4 19. Re1 Rxe1+ 20. Nxe1
Bh2+ 21. Kh1 Be5 22. d4 cxd3 23. Qxc7 Bxc7 24. Nxd3 Bd6 25. Bd4 Kf7 26. Nc5 Bc8
27. Kg1 Ke7 28. Kf1 b6 29. Ne4 b5 30. Nc5 a5 31. Ke2 Bc7 32. Ne4 Bb7 33. Bc5+
Kd7 34. Bf8 Bxd5 35. f3 Bxe4 1/2-1/2

[Event "4NCL 3 South pool A"]
[Site "Reading, ENG"]
[Date "2018.01.13"]
[Round "3.45"]
[White "Simons, Martin J"]
[Black "Sheerin, Alex"]
[Result "1-0"]
[WhiteElo "2017"]
[BlackElo "1847"]
[PlyCount "81"]
[EventDate "2018.01.13"]

1. e4 d6 2. d4 Nf6 3. Nc3 Nbd7 4. Nf3 e5 5. Bc4 Be7 6. O-O c6 7. Re1 b5 8. Bb3
a5 9. a4 b4 10. Nb1 O-O 11. Nbd2 Qc7 12. Nc4 h6 13. c3 c5 14. Nh4 Rd8 15. Nf5
Bf8 16. Qf3 Nb6 17. Nxb6 Qxb6 18. Nxh6+ gxh6 19. Qxf6 Bg7 20. Qg6 Kh8 21. Bxf7
Ra7 22. Bd5 Rf8 23. Bxh6 Qd8 24. Be3 Qh4 25. Qg3 Qh5 26. Bg5 Bh6 27. Bf6+ Bg7
28. dxe5 Bxf6 29. exf6 Rh7 30. e5 Bb7 31. Bxb7 Rg8 32. Qf3 Qxh2+ 33. Kf1 Rxb7
34. Qxb7 Qh1+ 35. Ke2 Qh5+ 36. Qf3 Qxe5+ 37. Kf1 Qh2 38. Qh3+ Qxh3 39. gxh3
bxc3 40. bxc3 d5 41. f7 1-0

[Event "4NCL 3 South pool A"]
[Site "Reading, ENG"]
[Date "2018.01.13"]
[Round "3.46"]
[White "Woodcock, Keith D"]
[Black "Krawczuk, Michael J"]
[Result "0-1"]
[WhiteElo "1690"]
[BlackElo "2042"]
[PlyCount "74"]
[EventDate "2018.01.13"]

1. d4 e6 2. e4 d5 3. Nc3 Bb4 4. e5 c5 5. Nf3 Nc6 6. Bb5 Bd7 7. Bxc6 Bxc6 8. O-O
Ne7 9. Ne2 cxd4 10. Nexd4 Ng6 11. c3 Be7 12. Be3 O-O 13. Qd3 Qb8 14. Rac1 Nxe5
15. Nxe5 Qxe5 16. Nxc6 bxc6 17. Rfe1 Bd6 18. g3 Qh5 19. Qa6 Rfc8 20. Rcd1 e5
21. b4 d4 22. Bc1 Qf3 23. Rd3 Qf6 24. a3 c5 25. bxc5 Bxc5 26. Qxf6 gxf6 27.
cxd4 Bxd4 28. Be3 Bxe3 29. Rexe3 Rc4 30. Rd7 a5 31. Kg2 a4 32. Kf3 Rac8 33.
Rdd3 R8c5 34. Re4 f5 35. Rxc4 Rxc4 36. Kg2 Kg7 37. Kf3 e4+ 0-1